A textbook of European musical instruments : their origin, history, and character /

Salvato in:
Dettagli Bibliografici
Autore principale: Galpin, Francis W. (Francis William), 1858-1945
Natura: Libro
Lingua:English
Pubblicazione: Westport, Conn. : Greenwood Press, 1976.
Soggetti:
LEADER 01111nam a2200277 i 4500
001 c000136915
003 CARM
005 00000000000000.0
008 751202r19761956ctuaf b 00110 eng
010 |a 75036509 /MN/r92 
019 1 |a 242463  |5 LACONCORD2021 
020 |a 083718648X 
035 |a (OCoLC)2270746  |5 LACONCORD2021 
050 0 0 |a ML460.G14  |b T35 1976 
082 0 0 |a 781.9/1 
100 1 |a Galpin, Francis W.  |q (Francis William),  |d 1858-1945. 
245 1 2 |a A textbook of European musical instruments :  |b their origin, history, and character /  |c by Francis W. Galpin. 
260 |a Westport, Conn. :  |b Greenwood Press,  |c 1976. 
300 |a 256 p., [10] leaves of plates :  |b ill. ;  |c 23 cm. 
500 |a Reprint of the 1956 ed. published by E. Benn, London. 
500 |a Includes index. 
504 |a Bibliography: p. 19-22. 
650 0 |a Musical instruments  |x History. 
852 8 |b CARM  |h A2:AE21A0  |i B00204  |p 0012089  |f BK 
999 f f |i 2807ae1e-b7e6-57ce-970f-1ec01f322652  |s 2f6a1f96-a3e6-5f0c-a8e2-ac035a5303bc 
952 f f |p Can circulate  |a CAVAL  |b CAVAL  |c CAVAL  |d CARM 1 Store  |e B00204  |f A2:AE21A0  |h Other scheme  |i book  |m 0012089